000 00583nam a2200169Ia 4500
008 090711s9999 xx 000 0 und d
082 _b76654
100 _aबर्वे राजेंद्र
245 _aतुमSाी झोप तुमSया हाती
260 _c1988
300 _a69
600 _aबर्वे राजेंद्र
630 _aतुमSाी झोप तुमSया हाती
700 _aबर्वे राजेंद्र
730 _aतुमSाी झोप तुमSया हाती
942 _cBOOK
999 _c309163
_d309163